000
00294 a2200121 4500
001
63422
082
_a
025.35 COM
090
_c
37478
_d
37478
100
_a
COMS Tech
245
_a
COMS Tech inter Library resource network service (J-O)
_h
English
250
_a
Vol.III
260
_b
Comes Tech
942
_a
CAE NUST
_k
025.35 COM
999
_c
298495
_d
298495